Nazioni Vincitori Guerin d'oro - Statistics

Statistiche generali
  • Questo quiz è stato fatto 6 volte
  • Il punteggio medio è 7 su 9
Statistiche sulle risposte
Continente Numero edizioni Edizioni vinte Nazione % Corretto
America del Sud 5 1984-1985; 1998-1999; 2008-2009; 2013-2014; 2014-2015 Argentina
100%
Europa 2 1983-1984; 1999-2000 Francia
100%
Europa 1 1988-1989 Germania Ovest
100%
Europa 24 1975-1976; 1976-1977; 1977-1978; 1978-1979; 1979-1980; 1981-1982; 1982-1983; 1985-1986; 1986-1987; 1987-1988; 1989-1990; 1990-1991; 1992-1993; 1993-1994; 1995-1996; 1996-1997; 1997-1998; 2000-2001; 2001-2002; 2003-2004; 2004-2005; 2005-2006; 2007-2008; 2011-2012 Italia
100%
Europa 1 1994-1995 Portogallo
100%
America del Sud 1 2012-2013 Uruguay
80%
Europa 1 2002-2003 Repubblica Ceca
40%
Europa 2 1980-1981; 1991-1992 Paesi Bassi
20%
Europa 1 2006-2007 Romania
20%
Nessun quiz corrispondente trovato
Distribuzione punteggi
Percentuale di utenti per punteggio
Percentile per numero di risposta
I tuoi punteggi nel tempo
Non hai fatto questo quiz